000 00414nam a22001457a 4500
999 _c60599
_d60599
005 20230915110439.0
008 230915s1984 pl ||||| |||| 00| 0 pol d
041 _apol
080 _a069 R-25
100 _aRímske, zbierky
_919821
245 _a Katalóg II. Rímske kamenné pamiatky v zbierkách múzea /
_cRímske zbierky.
264 _aKomárno,
_c1984.
300 _a62 p. :
_bill.;
_c24 cm.
942 _2udc
_cBK